01644nab a22002657a 4500999001500000003000400015005001700019008004100036040000700077100004500084245033300129260007300462300001500535500003700550505036800587505008200955650002301037650001901060650003301079650003801112650003201150650002701182773015601209942001301365 c5613d5613OSt20251222115158.0190429b xxu||||| |||| 00| 0 spa d cPJ 96586aLópez Castellano, Noelia Rocío10aAbogados : bsujetos obligados ante la unidad de información financiera. Violación por parte del Estado Argentino del derecho a la privacidad, a trabajar, a la libertad de pensamiento y expresión, a la defensa, a la inviolabilidad de los papeles privados y a la no autoincriminación /cNoelia Rocío López Castellano. cCiudad Autónoma de Buenos Aires :aThomson Reuters La Ley, b2025. ap. 127-135 aCita: TR LALEY AR/DOC/1621/2025. aSumario: I. Contexto internacional y normativa Interna.— II. Derecho a la privacidad.— III. Situación fáctica circular y derecho a trabajar.— IV. Derecho a la libertad de pensamiento y expresión.— V. Derecho a la defensa, a la no autoincriminación y a la inviolabilidad de los papeles privados.— VI. Conclusión.— VII. Referencias normativas. tSi te interesa el texto completo, solicitalo a koha@justierradelfuego.gov.ar  09343aDERECHO PENAL 092062aABOGADOS 092724aDERECHO A LA INTIMIDAD 093716aRESPONSABILIDAD DEL ABOGADO 091260aLIBERTAD DE EXPRESION 09586aDEFENSA EN JUICIO0 0265893164tRevista de derecho penal y criminología. Nº 7 - Agosto 2025dCiudad Autónoma de Buenos Aires : Thomson Reuters La Ley, 2017-x00347914 2udccANA